La organización del espacio y del tiempo en el centro educativo /

El espacio y el tiempo constituyen dos recursos en directa relación con la calidad educativa. En esta obra, partiendo de una análisis general del contexto en el que se desarrollan estos conceptos, se propone un conjunto de reflexiones y medidas concretas que contribuyan a mejorar la práctica de la r...

Descripción completa

Detalles Bibliográficos
Autor principal: Domènech, Joan
Otros Autores: Viñas, Jesús
Formato: Libro
Lenguaje:español
Publicado: Barcelona, España GRAî 1997
Colección:Biblioteca de aula 123
Materias:
Acceso en línea:

MARC

LEADER 00000cam a2200000 a 4500
001 015694
003 UAHC_CL
005 20170803121302.0
008 050930b1997 sp j 000 1 spa
020 |a 8478271775 
040 |a UAHC_CL  |c UAHC_CL  |d UAHC_CL 
100 1 |a Domènech, Joan 
245 1 3 |a La organización del espacio y del tiempo en el centro educativo /  |c Joan Domènech, Jesús Viñas. 
260 |a Barcelona, España  |c 1997  |b GRAî 
300 |a 152 p. 
490 0 |a Biblioteca de aula  |v 123 
520 |a El espacio y el tiempo constituyen dos recursos en directa relación con la calidad educativa. En esta obra, partiendo de una análisis general del contexto en el que se desarrollan estos conceptos, se propone un conjunto de reflexiones y medidas concretas que contribuyan a mejorar la práctica de la realidad educativa. La orientación hacia el fomento del centro educativo como unidad bàsica de organización y del trabajo en equipo aparece como premisa básica de la obra. En los apartados finales se incluye una guía para ayudar a los centros educativos a desarrollar propuestas de mejora de estos recursos. 
650 4 |a CALIDAD DE LA EDUCACION 
653 |a PEDAGOGIA EN EDUCACION BASICA 
658 |a Pardo, María Isabel 
700 1 |a Viñas, Jesús 
900 |a 372.1 DOM 
942 |c BK 
952 |0 0  |1 0  |4 0  |6 372_100000000000000_DOM  |7 0  |8 General  |9 31270  |a BC  |b BC  |c General  |d 2017-08-03  |o 372.1 DOM  |p 1350560  |r 2026-01-13 00:00:00  |t 1  |w 2017-08-03  |y BK 
952 |0 0  |1 0  |4 0  |6 372_100000000000000_DOM  |7 0  |8 General  |9 31271  |a BC  |b BC  |c General  |d 2017-08-03  |o 372.1 DOM  |p 1351577  |r 2026-01-13 00:00:00  |t 2  |w 2017-08-03  |y BK 
999 |c 15694  |d 15694